00644nam a2200145 a 450000100100000000500170001000800410002704000250006808200150009311001000010824501470020826000770035530000370043270000290046900001665220200929164937.0100308s1992 dr ac 000 0 spa d aDO-SdBNPbspacBNPHU axxxbR337i1 aRepública Dominicana.bSecretaría de Estado de Deportes Educación Física y Recreación10aReglamento internacional de atletismo :bpara las competencias internacionales masculinas y femeninas de atletismo /cprólogo Primo Nebiolo. aSanto Domingo :bFederación Dominicana de Atletismo Aficionado,c1992. a234 p. :bil. ; retrs. ;c18 cm.1 aNebiolo, Premioepról.